O mistério da quinta dos ciprestes (Registo nº 3891)

Detalhes MARC
000 -Etiqueta do registo
Cabeçalho 00637nam0a2200229 4500
005 - Identificador da versão
Campo de controlo 20240813122047.0
100 ## - Dados gerais de processamento
Dados gerais de processamento 20170518f197- d y0pory5003 ba
102 ## - Pais de publicação ou produção
País de publicação Portugal
101 0# - Língua de publicação
Língua do texto, banda sonora, etc. Português
215 ## - Descrição física 
Indicação específica da natureza do documento e extensão da espécie 100, [2] p.
Outras indicações físicas il
200 1# - Titulo e menção de responsabilidade
Título próprio O mistério da quinta dos ciprestes
Primeira menção de responsabilidade Lena Botelho
225 1# - Colecção 
Título próprio da colecção Colibri
Indicação de volume 2
205 ## - Menção da edição
Menção da edição 2ª ed.
210 ## - Publicação, Distribuição, etc. 
Lugar da edição, distribuição, etc. Lisboa
Nome do editor, distribuidor, etc. Editorial Pórtico
Data da publicação, distribuição, etc. [197-?]
606 ## - Nome comum usado como assunto
Número de registo de entrada de autoridade 0001851
Palavra de ordem Literatura portuguesa
Subdivisão de assunto Romances de aventuras
Código do sistema CA
675 ## - Classificação Decimal Universal (CDU)
Notação 821.134.3-311.3
Edição 3ª ed.
Língua da edição por
700 #1 - Nome de autor-pessoa física (responsabilidade principal)
Número de registo de entrada de autoridade 0000352
Palavra de ordem Botelho
Outra parte do nome não tomada para palavra de ordem Lena
966 ## - Identificação da Biblioteca
Sigla EBVEN
942 ## - Elementos de entrada adicionados (Koha)
Tipo de item no Koha Livro
Exemplares
Situação do levantamento Origin of item (home branch) (coded) Biblioteca de empréstimo Código de barras Cota Circulation type (not for loan) Tipo de documento Nota do exemplar Damaged status
  Biblioteca Escolar das Vendas Biblioteca Escolar das Vendas BEV234 8POR BOT   Livro Sem mensagem